Treasury of Ironwork Designs : 469 Exemples from Historical Sources

Gespeichert in:
Bibliographische Detailangaben
Weitere Verfasser: Crafton, Carol Belanger (Zusammenstellung)
Format: Buch
Sprache:Englisch
Veröffentlicht: New York : Dover Publications, 1992
Schlagworte:
Tags: Tag hinzufügen
Keine Tags, Fügen Sie das erste Tag hinzu!

MARC

LEADER 00000nam a22000003a 4500
001 stu51865
005 20150617225707.2
008 000201s1992------------------------eng-d
020 |a 0486271269 
040 |a STU  |b slo 
041 0 |a eng 
100 1 |a Crafton, Carol Belanger  |4 com 
245 1 |a Treasury of Ironwork Designs :  |b 469 Exemples from Historical Sources 
260 |a New York :  |b Dover Publications,  |c 1992 
300 |a 123 s 
650 7 |a úžitkové umenie  |2 stusub 
650 7 |a remeslá  |2 stusub 
996 |b 284AU00261  |c A*3346 U  |l AAKNAR  |s A  |a 24  |w stu51865_0001